| 000 | 00352nam a22001337a 4500 | ||
|---|---|---|---|
| 020 | _a0471429203 | ||
| 040 | _cnust | ||
| 082 |
_a005.1 _bBRA |
||
| 100 |
_aBraude, Eric _994602 |
||
| 245 |
_aSoftware Design: _bFrom Programming to Architecture |
||
| 260 |
_aHoboken: _bJohn Wiley & Sons, _c2003. |
||
| 650 |
_aComputer Software _91229 |
||
| 942 |
_2ddc _cBK |
||
| 999 |
_c610960 _d610960 |
||